Normal view
MARC view
- Propaganda, German.
Entry Topical Term
001 - CONTROL NUMBER
- control field: 11547
003 - CONTROL NUMBER IDENTIFIER
- control field: NUST
005 - DATE AND TIME OF LATEST TRANSACTION
- control field: 20180710061401.0
008 - FIXED-LENGTH DATA ELEMENTS
- fixed length control field: 180710|| aca||aabn | a|a d
040 ## - CATALOGING SOURCE
- Original cataloging agency: NUST
- Transcribing agency: NUST
150 ## - HEADING--TOPICAL TERM
- Topical term or geographic name entry element: Propaganda, German.
670 ## - SOURCE DATA FOUND
- Source citation: Work cat.: (NUST)0: Klemperer, Victor, 1881-1960. 11541, The language of the Third Reich :, 2006.
